000 00374nam a2200121Ia 4500
008 220216s9999 xx 000 0 und d
100 _aEagles A E
245 0 _aDevelopment of tests for the determination of the resistance to ozone of natural and synthetic rubbers
260 _bProceedings of the IRI
_c1966
300 _a94-113
650 _aSynthetic rubber
942 _cJS
999 _c57061
_d57061